Kitangulizi cha tafsiri : Nadharia na mbinu / (Record no. 786)

000 -LEADER
fixed length control field 00627nam a22002177a 4500
003 - CONTROL NUMBER IDENTIFIER
control field OSt
005 - DATE AND TIME OF LATEST TRANSACTION
control field 20140116120837.0
008 - FIXED-LENGTH DATA ELEMENTS--GENERAL INFORMATION
fixed length control field 111101t xxu||||| |||| 00| 0 eng d
020 ## - INTERNATIONAL STANDARD BOOK NUMBER
International Standard Book Number 9976911262
050 ## - LIBRARY OF CONGRESS CALL NUMBER
Classification number PL8701.K58 2006
245 ## - TITLE STATEMENT
Title Kitangulizi cha tafsiri : Nadharia na mbinu /
Statement of responsibility, etc H. J. M. Mwansoko ... [et al.].
250 ## - EDITION STATEMENT
Edition statement 2nd ed.
260 ## - PUBLICATION, DISTRIBUTION, ETC. (IMPRINT)
Place of publication, distribution, etc Dar es salaam :
Name of publisher, distributor, etc Taasisi ya Uchunguzi wa Kiswahili ,
Date of publication, distribution, etc 2006.
300 ## - PHYSICAL DESCRIPTION
Extent viii, 102 p.
650 ## - SUBJECT ADDED ENTRY--TOPICAL TERM
Topical term or geographic name as entry element Tafsiri
700 ## - ADDED ENTRY--PERSONAL NAME
Personal name Mwansoko, H. J. M.
700 ## - ADDED ENTRY--PERSONAL NAME
Personal name Mekacha, R. D. K.
700 ## - ADDED ENTRY--PERSONAL NAME
Personal name Masoko, D. L. W.
700 ## - ADDED ENTRY--PERSONAL NAME
Personal name Mtesigwa, P. C. K.
942 ## - ADDED ENTRY ELEMENTS (KOHA)
Source of classification or shelving scheme
Koha item type Book
Holdings
Withdrawn status Lost status Source of classification or shelving scheme Damaged status Not for loan Home library Current library Date acquired Source of acquisition Total Checkouts Full call number Barcode Date last seen Date checked out Copy number Price effective from Koha item type Total Renewals
          Riara University Library Riara University Library 01/11/2011 Purchase 4 PL8701.K58 2006 2999/11 28/02/2019 26/02/2019 C.1 01/11/2011 Book  
          Riara University Library Riara University Library 01/11/2011 Purchase 2 PL8701.K58 2006 2998/11 26/08/2015 13/08/2015 C.2 01/11/2011 Book 1
          Riara University Library Riara University Library 01/11/2011 Purchase 5 PL8701.K58 2006 3000/11 25/08/2017 22/08/2017 C.3 01/11/2011 Book 1

Riara University Library,
P.O. Box 49940-00100,
Nairobi, Kenya.